000
00270nam a2200097Ia 4500
001
800641
005
20250826171023.0
008
250824s9999 xx 000 0 und d
245
0
_a
HAYAT OKULUNDA ÖĞRENCİYİM
_c
ŞEBNEM GÜLER KARACAN
260
_b
UĞUR BÖCEĞİ YAYINLARI
999
_c
800641
_d
800641